| 000 | 00667nam a2200229 a 4500 | ||
|---|---|---|---|
| 999 |
_c1293 _d1293 |
||
| 001 | 1293 | ||
| 003 | BD-JhCC | ||
| 005 | 20200116134008.0 | ||
| 008 | 171017s2007 bg |||| ||a| 000 0 ben d | ||
| 020 | _a9843000002015 | ||
| 035 | _a(BD-JhCC)1293 | ||
| 040 |
_aBD-JhCC _dBD-JhCC |
||
| 041 | _aben | ||
| 082 |
_a194 _bFUK 2007 |
||
| 100 | _aফুকো, মিশেল | ||
| 245 |
_aমিশেল ফুকো পাঠ ও বিবেচনা / _cমিশেল ফুকো, |
||
| 260 |
_aঢাকা : _bসংবেদ প্রকাশনা, _c2007 |
||
| 300 |
_a383 p.; _c24 cm. |
||
| 650 | _aPhilosophie | ||
| 942 |
_2ddc _cBK _01 |
||